000 00364nam a2200133Ia 4500
008 100328s9999 xx 000 0 und d
082 _b21714
100 _aभावे पु.भा.
245 _aमागं वळून
260 _bकुलकर्णी
630 _aमागं वळून
730 _aमागं वळून
942 _cBOOK
999 _c515705
_d515702